00506nam a2200157Ia 450000500170000000800410001708200130005810000170007124500310008826000620011930000130018150000340019494200060022895200990023499900150033320250509070741.0240331s9999 xx 000 0 und d bMAHa894 aMahendran, K 0aValvu oru valaippanthaddam aTellippalaibLyceum of Literary & Aesthetic Studiesc1997 a136 p ., aA collection of Short Stories cL 001040708LaWERCLbWERCLcSSCd2024-03-31l0o 894.811 MAHp4296r2024-03-31w2024-03-31yL c4032d4032